Homiletics; (Record no. 907)

MARC details
000 -LEADER
fixed length control field 00657cam a2200229I 4500
001 - CONTROL NUMBER
control field 22589
003 - CONTROL NUMBER IDENTIFIER
control field GBCCL
005 - DATE AND TIME OF LATEST TRANSACTION
control field 20241126110348.0
008 - FIXED-LENGTH DATA ELEMENTS--GENERAL INFORMATION
fixed length control field 830608s1934 ohu 000 0 eng d
035 ## - SYSTEM CONTROL NUMBER
System control number (OCoLC)09586438
040 ## - CATALOGING SOURCE
Original cataloging agency EXC
Transcribing agency EXC
Modifying agency m/c
049 ## -
-- LBBK
082 ## - DEWEY DECIMAL CLASSIFICATION NUMBER
Classification number 251
Item number REU
092 ## - LOCALLY ASSIGNED DEWEY CALL NUMBER (OCLC)
Classification number 251
Item number R442
100 1# - MAIN ENTRY--PERSONAL NAME
Personal name Reu, Johann Michael,
Dates associated with a name 1869-1943.
9 (RLIN) 1454
245 10 - TITLE STATEMENT
Title Homiletics;
Remainder of title a manual of the theory and practice of preaching,
Statement of responsibility, etc. by M. Reu, put into English by Albert Steinhaeuser.
250 ## - EDITION STATEMENT
Edition statement 4th ed.
260 ## - PUBLICATION, DISTRIBUTION, ETC.
Place of publication, distribution, etc. Michigan ,
Name of publisher, distributor, etc. Baker book house,
Date of publication, distribution, etc. 1934.
300 ## - PHYSICAL DESCRIPTION
Extent 639 p.
Dimensions 20 cm.
650 #0 - SUBJECT ADDED ENTRY--TOPICAL TERM
Topical term or geographic name entry element Preaching.
9 (RLIN) 404
942 ## - ADDED ENTRY ELEMENTS (KOHA)
Source of classification or shelving scheme Dewey Decimal Classification
Koha item type Books
Koha issues (borrowed), all copies 1
Holdings
Withdrawn status Lost status Source of classification or shelving scheme Damaged status Not for loan Home library Current Library Shelving location Date acquired Total checkouts Full call number Barcode Date last seen Date last checked out Copy number Price effective from Koha item type
    Dewey Decimal Classification     GRACE BIBLE COLLEGE GRACE BIBLE COLLEGE Ministry & Mission 2017-03-24 1 251 REU 000450 2025-05-01 2022-10-07 c.1 2017-03-24 Books
© Grace Bible College Library 2025